[Event "Sparkassen-Open A"]
[Site "Heusenstamm, Martinsee"]
[Date "2022.11.17"]
[Round "1.81"]
[White "Kempe, Caius Emilian"]
[Black "Groß, Phillip"]
[Result "1-0"]
[WhiteElo "2001"]
[BlackElo "1669"]
[PlyCount "67"]
[EventDate "2022.??.??"]
[WhiteTeam "USV TU Dresden"]
[BlackTeam "Spvgg Böblingen"]

1. d4 d5 2. c4 e6 3. Nc3 Nf6 4. Nf3 c6 5. cxd5 exd5 6. Bg5 h6 7. Bh4 Be7 8. Qc2
O-O 9. e3 Ne4 10. Bxe7 Qxe7 11. Bd3 Re8 12. O-O Nd7 13. Rae1 Ndf6 14. Ne5 Nxc3
15. bxc3 c5 16. Qb1 c4 17. Bc2 Qa3 18. Qa1 b5 19. f3 Be6 20. e4 a5 21. Re3 Qd6
22. Qc1 Nd7 23. f4 dxe4 24. Bxe4 Bd5 25. Bf5 Be6 26. Bb1 Nf6 27. f5 Bd5 28. Rg3
Be4 29. Qxh6 Kf8 30. Qxg7+ Ke7 31. Qxf7+ Kd8 32. Bxe4 Nxe4 33. Rg6 Qc7 34. Qd5+
1-0

[Event "Sparkassen-Open A"]
[Site "Heusenstamm, Martinsee"]
[Date "2022.11.17"]
[Round "1.82"]
[White "Kissel, Tom"]
[Black "Hoppstädter, Daniel"]
[Result "0-1"]
[WhiteElo "1660"]
[BlackElo "1934"]
[PlyCount "62"]
[EventDate "2022.??.??"]
[WhiteTeam "SF Sailauf"]
[BlackTeam "SC Illingen"]

1. c4 Nf6 2. Nc3 g6 3. g3 Bg7 4. Bg2 O-O 5. e3 d6 6. d4 e5 7. Nge2 Nc6 8. O-O
exd4 9. Nxd4 Nxd4 10. exd4 c6 11. Qb3 Qc7 12. d5 Bf5 13. Bf4 Nh5 14. Bg5 c5 15.
h3 h6 16. Bd2 Bd7 17. g4 Nf6 18. Nb5 Bxb5 19. Qxb5 a6 20. Qa5 Qxa5 21. Bxa5 b5
22. b3 Nd7 23. Rab1 Rfe8 24. Bc7 Bf8 25. a4 b4 26. Rfe1 Rac8 27. Ba5 Bg7 28.
Kf1 Be5 29. Rxe5 Nxe5 30. Re1 Kf8 31. f4 Nd3 0-1

[Event "Sparkassen-Open A"]
[Site "Heusenstamm, Martinsee"]
[Date "2022.11.17"]
[Round "1.83"]
[White "Stümer, Paul"]
[Black "John, Volkmar"]
[Result "1/2-1/2"]
[WhiteElo "2009"]
[BlackElo "1642"]
[PlyCount "112"]
[EventDate "2022.??.??"]
[WhiteTeam "SV Bergneustadt/Dersch"]
[BlackTeam "SK Herborn 1946"]

1. Nf3 Nf6 2. d4 d5 3. e3 e6 4. c4 c6 5. Nbd2 Bd6 6. Bd3 Nbd7 7. O-O O-O 8. Rb1
e5 9. Nxe5 Nxe5 10. dxe5 Bxe5 11. Nf3 Bc7 12. h3 dxc4 13. Bxc4 Bf5 14. Ra1 Qxd1
15. Rxd1 Rad8 16. Bd2 Bd3 17. Bxd3 Rxd3 18. Bc3 Rfd8 19. Rxd3 Rxd3 20. Bxf6
gxf6 21. Kf1 Kf8 22. Rc1 Ke7 23. Rc2 Rd5 24. Ke2 Ba5 25. e4 Rd7 26. Rc5 Bc7 27.
Rh5 Be5 28. b3 Rd8 29. Rxh7 Rg8 30. g3 Ke6 31. Nh4 Rd8 32. Nf5 Bc3 33. h4 Rd2+
34. Ke3 Rxa2 35. Rh8 Rb2 36. Rd8 Bb4 37. Rd3 Bc5+ 38. Kf4 Rxf2+ 39. Kg4 Re2 40.
Rf3 Rxe4+ 41. Rf4 Rxf4+ 42. Kxf4 a5 43. h5 Bf8 44. h6 Bxh6+ 45. Nxh6 b5 46. Ke4
a4 47. bxa4 bxa4 48. Nf5 c5 49. Ne3 f5+ 50. Kf4 a3 51. Nc2 a2 52. Ke3 Ke5 53.
Na1 c4 54. Nc2 c3 55. Kf3 Kd6 56. Ke3 Ke5 1/2-1/2

[Event "Sparkassen-Open A"]
[Site "Heusenstamm, Martinsee"]
[Date "2022.11.17"]
[Round "1.84"]
[White "Stolle, Hendrik"]
[Black "Pauls, Wilhelm"]
[Result "0-1"]
[WhiteElo "1641"]
[BlackElo "2007"]
[PlyCount "68"]
[EventDate "2022.??.??"]
[WhiteTeam "TG Biberach"]
[BlackTeam "SG Kaarst 1912/35"]

1. Nf3 Nf6 2. c4 c5 3. g3 b6 4. Bg2 Bb7 5. b3 e6 6. Bb2 Be7 7. O-O O-O 8. Nc3
a6 9. Qc2 d6 10. Rad1 Nbd7 11. d4 cxd4 12. Nxd4 Bxg2 13. Kxg2 Qc7 14. Rd2 Rfc8
15. Rc1 Qb7+ 16. Kg1 Bf8 17. f3 d5 18. cxd5 Nxd5 19. Qe4 N7f6 20. Qd3 Rd8 21.
Nxd5 Rxd5 22. e4 Rd7 23. Qc3 Rad8 24. Rcd1 Bc5 25. Kg2 Rc8 26. Rc1 Rdc7 27.
Rdc2 h5 28. Qd2 Nxe4 29. Qf4 Nf6 30. b4 Nd5 31. Qe5 Bf8 32. Rxc7 Rxc7 33. Nxe6
Re7 34. Rd1 Rxe6 0-1

[Event "Sparkassen-Open A"]
[Site "Heusenstamm, Martinsee"]
[Date "2022.11.17"]
[Round "1.85"]
[White "Richter, Gerald"]
[Black "Klein, Levent"]
[Result "1-0"]
[WhiteElo "2006"]
[BlackElo "1486"]
[PlyCount "109"]
[EventDate "2022.??.??"]
[WhiteTeam "Siegener SV 1878"]
[BlackTeam "SC Weilerbach"]

1. d4 e6 2. Nf3 d5 3. c4 Bb4+ 4. Bd2 Bxd2+ 5. Qxd2 h6 6. Nc3 Nf6 7. e3 c6 8.
Bd3 Nbd7 9. O-O b6 10. cxd5 cxd5 11. Rfc1 O-O 12. Rc2 Bb7 13. Nb5 a6 14. Nd6
Qb8 15. Nxb7 Qxb7 16. Rac1 Rac8 17. a4 Nb8 18. Ne5 Nfd7 19. Nxd7 Nxd7 20. Rc3
b5 21. Rxc8 Rxc8 22. Rxc8+ Qxc8 23. axb5 axb5 24. Bxb5 Nb6 25. g3 Nd7 26. Bxd7
Qxd7 27. Qa5 Qc8 28. Qc5 Qa6 29. b4 Qd3 30. b5 Qb1+ 31. Kg2 Qe4+ 32. Kf1 Qd3+
33. Ke1 Qb1+ 34. Ke2 Qb2+ 35. Kf3 g5 36. b6 Qb1 37. Qc8+ Kh7 38. b7 g4+ 39.
Kxg4 Qf5+ 40. Kh4 h5 41. Qh8+ Kxh8 42. b8=Q+ Kh7 43. Qf4 Qxf4+ 44. exf4 Kg6 45.
f3 f6 46. g4 hxg4 47. fxg4 e5 48. fxe5 fxe5 49. dxe5 d4 50. Kg3 Kf7 51. Kf4 Ke6
52. Ke4 d3 53. Kxd3 Kxe5 54. Ke3 Kf6 55. Kf4 1-0

[Event "Sparkassen-Open A"]
[Site "Heusenstamm, Martinsee"]
[Date "2022.11.17"]
[Round "1.86"]
[White "Faßler, Felix"]
[Black "Li, Maxim"]
[Result "0-1"]
[WhiteElo "1430"]
[BlackElo "1966"]
[PlyCount "36"]
[EventDate "2022.??.??"]
[WhiteTeam "SC Fulda"]
[BlackTeam "Wiesbadener SV 1885"]

1. e4 e6 2. b3 d5 3. Bb2 dxe4 4. Nc3 Nf6 5. Qe2 Nbd7 6. Nxe4 Be7 7. O-O-O a5 8.
Nc3 c6 9. g4 O-O 10. f4 b5 11. Bg2 Nd5 12. Nxd5 exd5 13. Nf3 a4 14. Kb1 axb3
15. axb3 Re8 16. Rde1 Qa5 17. Ne5 Qa2+ 18. Kc1 Ba3 0-1

[Event "Sparkassen-Open A"]
[Site "Heusenstamm, Martinsee"]
[Date "2022.11.17"]
[Round "1.87"]
[White "Olson, Philip Christoph"]
[Black "Nemitz, Alfred"]
[Result "0-1"]
[WhiteElo "1429"]
[BlackElo "1802"]
[PlyCount "60"]
[EventDate "2022.??.??"]
[WhiteTeam "SC Bad Nauheim"]
[BlackTeam "USV Potsdam"]

1. d4 Nf6 2. Bf4 e6 3. e3 b6 4. Bd3 Bb7 5. Nf3 Be7 6. Nbd2 O-O 7. g4 c5 8. c3
Nxg4 9. h3 Nf6 10. Rg1 Kh8 11. Qe2 Nc6 12. O-O-O Rc8 13. Kb1 d5 14. Rg2 Bd6 15.
Bg5 c4 16. Bc2 b5 17. e4 Be7 18. e5 Ne8 19. Bxe7 Qxe7 20. Bxh7 g6 21. Ng5 Ng7
22. Qg4 b4 23. Nf1 bxc3 24. bxc3 Rb8 25. Qh4 Ba6+ 26. Kc2 Nf5 27. Qg4 Qa3 28.
Kd2 Rb2+ 29. Ke1 Qxc3+ 30. Nd2 Qxd4 0-1

[Event "Sparkassen-Open A"]
[Site "Heusenstamm, Martinsee"]
[Date "2022.11.17"]
[Round "1.88"]
[White "Rohatgi, Kushagra"]
[Black "Kürschner, Matthias"]
[Result "0-1"]
[WhiteElo "1490"]
[BlackElo "1990"]
[PlyCount "138"]
[EventDate "2022.??.??"]
[WhiteTeam "TuS Makkabi Ffm"]
[BlackTeam "SK Langen"]

1. e4 c5 2. Nf3 g6 3. d4 cxd4 4. Nxd4 Bg7 5. Nc3 Nc6 6. Be3 Nf6 7. Be2 O-O 8.
O-O d5 9. exd5 Nb4 10. d6 Qxd6 11. a3 Nbd5 12. Nxd5 Nxd5 13. Nb5 Nxe3 14. Qxd6
exd6 15. fxe3 Bxb2 16. Rab1 Be5 17. Rbd1 Be6 18. Nxd6 b6 19. Nb5 Rfc8 20. Bf3
Rab8 21. Nxa7 Rc5 22. Nc6 Re8 23. Nxe5 Rxe5 24. Rfe1 Rc8 25. Rc1 Rc3 26. Rb1 b5
27. h3 Rxc2 28. Ra1 Bd5 29. Bxd5 Rxd5 30. Red1 Rxd1+ 31. Rxd1 Rc3 32. Rb1 Rxe3
33. Rxb5 Rxa3 34. Kf2 Rc3 35. h4 Kg7 36. Rb6 Rc4 37. g3 Rc3 38. Kg2 Ra3 39. g4
Ra5 40. g5 h6 41. gxh6+ Kxh6 42. Kg3 Ra3+ 43. Kg4 f5+ 44. Kf4 Rh3 45. Rb8 Rxh4+
46. Kg3 Rg4+ 47. Kf3 Kg5 48. Rb5 Ra4 49. Rb3 Kh4 50. Kg2 f4 51. Rc3 g5 52. Rc8
Ra2+ 53. Kf3 Ra3+ 54. Kg2 Kg4 55. Rc4 Ra2+ 56. Kf1 Kg3 57. Rc1 f3 58. Rb1 Rh2
59. Kg1 f2+ 60. Kf1 Rh1+ 61. Ke2 Rxb1 62. Kd2 f1=Q 63. Kc2 Qd1+ 64. Kc3 Rb3+
65. Kc4 Qd3+ 66. Kc5 Rb5+ 67. Kc6 Qd5+ 68. Kc7 Rb7+ 69. Kc8 Qd7# 0-1

[Event "Sparkassen-Open A"]
[Site "Heusenstamm, Martinsee"]
[Date "2022.11.17"]
[Round "1.89"]
[White "Martin, Reiner"]
[Black "Reuter, Klaus"]
[Result "1-0"]
[WhiteElo "1996"]
[BlackElo "1599"]
[PlyCount "93"]
[EventDate "2022.??.??"]
[WhiteTeam "SC Bad Soden"]
[BlackTeam "vereinslos"]

1. d4 Nf6 2. c4 e6 3. Nc3 c6 4. e3 Bb4 5. Bd3 d5 6. Nf3 dxc4 7. Bxc4 b5 8. Bd3
Nbd7 9. O-O Bb7 10. e4 Qa5 11. Bd2 Bxc3 12. Bxc3 Qb6 13. b4 O-O 14. Qe2 Rfe8
15. e5 Nd5 16. Bd2 Nf8 17. Qe4 Ne7 18. Qg4 Neg6 19. h4 Nh8 20. Bh6 Nhg6 21. Bd2
Kh8 22. h5 Ne7 23. Ng5 Kg8 24. h6 g6 25. Qf4 Nf5 26. Bc3 Nxh6 27. Ne4 Kg7 28.
Qf6+ Kg8 29. Qg5 Kg7 30. Nd6 Reb8 31. Qf6+ Kg8 32. Bd2 Ng4 33. Qxf7+ Kh8 34.
Qf4 Nh6 35. Qf6+ Kg8 36. Bxh6 Qc7 37. Ne4 Qf7 38. Qh4 Nd7 39. Rac1 Nb6 40. Be2
Nd5 41. Nd6 Qc7 42. Bg4 Bc8 43. Rxc6 Qd7 44. Rfc1 Bb7 45. R6c5 Nxb4 46. Rc7 Qd8
47. Bxe6+ 1-0

[Event "Sparkassen-Open A"]
[Site "Heusenstamm, Martinsee"]
[Date "2022.11.17"]
[Round "1.90"]
[White "Rotermund, Verena"]
[Black "Junker, Christian"]
[Result "0-1"]
[WhiteElo "1585"]
[BlackElo "1995"]
[PlyCount "38"]
[EventDate "2022.??.??"]
[WhiteTeam "Vorw.Orient Mainz"]
[BlackTeam "SV 1926 Neu-Isenburg"]

1. e4 e5 2. Nf3 Nf6 3. d4 Nxe4 4. dxe5 d5 5. Bd3 Be7 6. O-O O-O 7. Bf4 Nc5 8.
Nc3 c6 9. Be2 Bf5 10. Nd4 Bg6 11. Bg4 f5 12. exf6 Bxf6 13. b4 Bxc2 14. Qd2 Bxd4
15. Qxd4 Nd3 16. Bxb8 Rxb8 17. Qxa7 Qg5 18. Be6+ Kh8 19. Qd4 Nf4 0-1